000 00520pab a2200169 454500
008 180718b2015 xxu||||| |||| 00| 0 eng d
100 _aMaclean, Lauren M.
245 _aDemocracy and the distribution of NGOs promoting renewable energy in Africa
260 _c2015
300 _ap.725-742.
362 _aJun
650 _aNongovernmental organizations - Africa
650 _aRenewable energy sources - Africa
650 _aRenewable energy sources
773 _aJournal of Development Studies
909 _a109107
999 _c109102
_d109102